| 000 | 00955nam a2200265 i 4500 | ||
|---|---|---|---|
| 001 | 128169 | ||
| 003 | ES-MaACL | ||
| 005 | 20230906193200.0 | ||
| 007 | t| | ||
| 008 | 070625s1990 fr ||||1| fre d | ||
| 020 | _a2-85850-591-8 | ||
| 080 | _a72(460)(083.824) | ||
| 080 | _a72 Jujol, Josep Maria (083.824) | ||
| 245 | 0 | 0 |
_aJosep Maria Jujol architecte, 1879-1949 _b: 19 décembre 1990-25 février 1991, Centre de Création Industrielle Centre Georges Pompidou. |
| 260 |
_aParis : _bCentre Georges Pompidou, _c1990. |
||
| 300 |
_a[24] p. : _bil. ; _c31 cm. |
||
| 500 | _aBiblioteca Jacinto Martínez Lacalle. | ||
| 600 | 1 | 4 |
_aJujol, Josep Maria- _vExposiciones. _967209 |
| 650 | 4 |
_aArquitectura española- _yS.XX- _vExposiciones. _910024 |
|
| 655 | 7 |
_2tgfbne _9193628 _aCatálogos de exposiciones |
|
| 710 | 2 |
_aCentre Georges Pompidou. _92555 |
|
| 852 |
_aES-MaACL _jE-11746 _bR.139776 |
||
| 942 | _2udc | ||
| 999 |
_c128169 _d128169 |
||